Por que leer los clásicos

Uloženo v:
Podrobná bibliografie
Hlavní autor: Calvino, Italo (Autor)
Médium: Kniha
Jazyk:španělština
Vydáno: Barcelona Tusquets 1993
Vydání:3a. ed
Edice:Colección Marginales, 122
Témata:
Tagy: Přidat tag
Žádné tagy, Buďte první, kdo vytvoří štítek k tomuto záznamu!

MARC

LEADER 00000nam a2200000 a 4500
001 UCX6373
003 CL-VaPUC
008 930528e19930000SP |||||||||||||||||spa|d
082 0 4 |a 854  |b CAL  |2 21 
100 0 |a Calvino, Italo  |e author  |9 322823 
245 1 0 |a Por que leer los clásicos 
250 |a 3a. ed 
300 |a 278 p 
942 |c BK 
945 |d 19930528 00:00:00  |a oaravena 
260 |a Barcelona  |b Tusquets  |c 1993 
600 0 |a Calvino, Italo  |9 322824 
650 7 |a ENSAYOS ITALIANOS  |2 CL-VaPUC  |9 313702 
650 7 |a COLECCIONES DE ESCRITOS  |2 CL-VaPUC  |9 258877 
583 |a last modification  |c 19930528 00:00:00  |k Rodrigo Vera 
490 0 |a Colección Marginales, 122 
999 |c 226398  |d 226396 
952 |0 0  |1 0  |4 0  |6 854_000000000000000_CAL_1993  |7 0  |8 A  |9 224707  |a BIBART  |b BIBART  |d 2019-11-15  |i 2970651  |l 2  |o 854 CAL 1993  |p 2970651  |r 2025-03-13  |s 2023-03-20  |w 2019-11-15  |y BK  |k ART 
952 |0 0  |1 0  |4 0  |6 854_000000000000000_CAL_1993  |7 0  |8 A  |9 224708  |a BIBCUR  |b BIBCUR  |d 2019-11-15  |i 2981912  |l 1  |o 854 CAL 1993  |p 2981912  |r 2025-04-22  |s 2025-03-12  |w 2019-11-15  |y BK  |k FIS 
952 |0 0  |1 0  |4 0  |6 854_000000000000000_CAL_1993  |7 0  |8 A  |9 224709  |a BIBHIS  |b BIBHIS  |d 2019-11-15  |i 3066746  |o 854 CAL 1993  |p 3066746  |r 2025-01-20  |w 2019-11-15  |y BK  |k HIS